Culture Générale #11 - Statistiques

Statistiques générales
  • Ce quiz a été pris 214 fois
  • Le résultat moyen est 12 sur 20
Statistiques - réponses
Questions Réponses % Correct
Dans quelle ville se déroule l'action de la série Plus Belle La Vie ? Marseille
85%
Quel super-héros est amoureux de Loïs Lane ? Superman
81%
En quelle année le paquebot Titanic a-t-il sombré ? 1912
78%
Quel animal est aussi appelé goupil ? le Renard
76%
Qui Philippe Lucas a-t-il entraîné en compétition de natation de haut niveau ? Laure Manaudou
74%
Selon la Bible, qui a reçu de Dieu, les Tables de la Loi avec les 10 Commandements ? Moïse
74%
Sous quel nom est plus connu l'acide désoxyribonucléique ? l’ADN
70%
Quel rapace est appelé petit, moyen ou grand duc ? le Hibou
69%
À qui doit-on la phrase "Je pense donc je suis" ? René Descartes
69%
Près de quel pays se situe la collectivité d'outre-mer française Saint-Pierre-et-Miquelon ? le Canada
67%
Dans quel jeu télévisé fallait-il éviter de tirer des boules noires ? Motus
66%
En quelle année, 10 pays dont la République tchèque, la Hongrie et la Pologne, ont-ils adhéré à l’Union européenne ? 2004
65%
Qui chante "Aïcha" en 1996 ? Khaled
57%
Qui a réalisé le film "Shining" en 1980 ? Stanley Kubrick
55%
Qui a arrêté les Arabes à Poitiers en 732 ? Charles Martel
53%
Quel super-héros adore utiliser 2 sabres japonais comme arme ? Deadpool
53%
Quel pays de l’Union européenne a la plus petite superficie ? Malte
39%
Quelle série télé française débarque au cinéma en 2021 pour un premier volet ? Kaamelott
34%
Dans la mythologie grecque, qui est la première femme humaine ? Pandore
24%
Que fait la mante religieuse après l'accouplement ? Elle mange le mâle
23%
Aucun quiz correspondant
Distribution des résultats
% des personnes avec chaque résultat
Percentile par nombre de réponses
Votre historique - résultats
Vous n’avez pas pris ce quiz